| 000 | 00393nam a2200157 4500 | ||
|---|---|---|---|
| 001 | 136294 | ||
| 003 | ES-MaACL | ||
| 005 | 20230906195100.0 | ||
| 007 | t| | ||
| 008 | 070214s1959 sp r ||||1| spa d | ||
| 245 | 0 | 3 | _aEl sabor del agua. |
| 260 |
_aBarcelona : _b[s.n.], _c1959. |
||
| 300 |
_a40 p. ; _c27 cm. |
||
| 500 | _aEjemplar multicopista. | ||
| 852 |
_aES-MaACL _j2018-F-29 _bR.44534 |
||
| 999 |
_c136294 _d136294 |
||